| 000 | 01969ngc a2200409 a 4500 | ||
|---|---|---|---|
| 003 | CHAP | ||
| 005 | 20260306062805.0 | ||
| 007 | vz czazzs | ||
| 008 | 221013s2013 mx 053|f |||| s0| vlspa d | ||
| 040 |
_amxchpua _cCHAP |
||
| 090 | _aVídeo | ||
| 100 | 1 |
_9147701 _aSantos Moreno, Armando _d1949 |
|
| 245 | 1 | 0 |
_aCaracterísticas generales de ordeño para la elaboración de quesos artesanales mexicanos _h[Videograbación] / _cdirector Armando Santos Moreno |
| 250 | _a1a edición | ||
| 260 |
_aChapingo, México : _bEl autor, _c2013 |
||
| 306 | _a000535 | ||
| 490 | 1 |
_aVídeos sobre la industria lechera ; _v4 |
|
| 500 | _aDuración: 5:35 minutos | ||
| 505 | 0 | 0 |
_tIntroducción _g(00:07) -- _tEntrada de las vacas a ordeño _g(00:57) -- _tInmovilización _g(01:22) -- _tLimpieza de los pezones _g(01:57) -- _tEstimulación _g(02:17) -- _tDespunte de los pezones _g(02:36) -- _tExtracción de la leche _g(02:53) -- _tSellado de los pezones _g(03:25) -- _tAlmacenamiento de la leche _g(03:40) -- _tSalida de las vacas _g(04:11) -- _tCréditos _g(04:35) |
| 511 | 0 | _aNarrador: Armando Santos Moreno | |
| 511 | 0 | _aMúsica de fondo: "Subiendo" autor e interprete Herb Albert | |
| 521 | 4 | _aObra recomendada para estudiantes del Departamento de Ingeniería Agroindustrial | |
| 538 | _aModo de acceso: Internet | ||
| 546 | _aAudio: En español | ||
| 650 | 1 | 3 |
_9140523 _aCiencia lechera _zMéxico |
| 650 | 1 | 3 |
_9185599 _aOrdeñar |
| 650 | 1 | 3 |
_9185601 _aFrecuencia de ordeña |
| 650 | 1 | 3 |
_9162947 _aDairy science _xMexico |
| 650 | 1 | 3 |
_9185600 _aMilking |
| 650 | 1 | 0 |
_9185602 _aMilking frequency |
| 700 | 1 |
_aSánchez Cervantes, Anahí _ecamarógrafo _9126697 |
|
| 700 | 1 |
_9126532 _aSalas Sánchez, Sofía Irene _ecamarógrafo |
|
| 700 | 1 |
_9148849 _aHernández Montes, Arturo _ecamarógrafo |
|
| 710 | 2 |
_aUniversidad Autónoma Chapingo _bProducción. DIA. Instituto de alimentos _9143749 |
|
| 856 | 4 | 2 |
_yVER VÍDEO _u http://10.13.5.2/video/Ordena_General.m4v |
| 942 |
_2local _cV |
||
| 999 |
_c217720 _d217720 |
||